| 000 | 00880cam a22002292 4500 | ||
|---|---|---|---|
| 001 | 0000021573 | ||
| 005 | 20151021151142.0 | ||
| 008 | 120720s xx 000 0 eng d | ||
| 040 |
_aKABU _cKABU |
||
| 100 | 1 |
_aBussey, Martin K. _@0000149329 |
|
| 245 | 1 | 4 |
_aThe Message of Romans : _ba commentary for the church in Africa today / _cby Martin K. Bussey. |
| 260 |
_aKenya : _bACTs, _cc1997. |
||
| 300 | _a133 p. | ||
| 630 | 0 | 0 |
_aBible. N.T. Romans _xCommentaries. _@0000149330 |
| 908 | _a120720 | ||
| 950 | _@1 | ||
| 999 |
_c1268 _d1268 |
||